UBT Library

Saving Capitalism from Short-Termism (Record no. 54951)

000 -LEADER
fixed length control field 00326nam a22001457a 4500
008 - FIXED-LENGTH DATA ELEMENTS--GENERAL INFORMATION
fixed length control field 190927b ||||| |||| 00| 0 eng d
020 ## - INTERNATIONAL STANDARD BOOK NUMBER
International Standard Book Number 9780071736367
041 ## - LANGUAGE CODE
Language code of text/sound track or separate title eng
080 ## - UNIVERSAL DECIMAL CLASSIFICATION NUMBER
Universal Decimal Classification number 336
082 ## - DEWEY DECIMAL CLASSIFICATION NUMBER
Classification number 336
100 ## - Rafti
Rafti 64
101 ## - Shkurtesa
Shkurtesa INV
245 ## - TITLE STATEMENT
Title Saving Capitalism from Short-Termism
Statement of responsibility, etc Bogle,J.C
942 ## - ADDED ENTRY ELEMENTS (KOHA)
Source of classification or shelving scheme
Item type Books
Holdings
Withdrawn status Lost status Source of classification or shelving scheme Damaged status Not for loan Collection code Permanent location Current location Shelving location Date acquired Total Checkouts Full call number Barcode Date last seen Price effective from Koha item type
          Koleksioni i përgjithshem UBT - Gjilan UBT - Gjilan Koleksioni i përgjithshem 09/27/2019   336 BOG 002-4000192 09/27/2019 09/27/2019 Books
          Koleksioni i përgjithshem UBT - Gjilan UBT - Gjilan Koleksioni i përgjithshem 09/27/2019   336 BOG 002-4000197 09/27/2019 09/27/2019 Books
          Koleksioni i përgjithshem UBT - Gjilan UBT - Gjilan Koleksioni i përgjithshem 09/27/2019   336 BOG 002-4000202 09/27/2019 09/27/2019 Books
          Koleksioni i përgjithshem UBT - Gjilan UBT - Gjilan Koleksioni i përgjithshem 09/27/2019   336 BOG 002-4000201 09/27/2019 09/27/2019 Books
          Koleksioni i përgjithshem UBT - Gjilan UBT - Gjilan Koleksioni i përgjithshem 09/27/2019   336 BOG 002-4000203 09/27/2019 09/27/2019 Books
          Koleksioni i përgjithshem UBT - Peja UBT - Peja Koleksioni i përgjithshem 09/27/2019   336 BOG 002-4000196 09/27/2019 09/27/2019 Books
          Koleksioni i përgjithshem UBT - Peja UBT - Peja Koleksioni i përgjithshem 09/27/2019   336 BOG 002-4000191 09/27/2019 09/27/2019 Books
          Koleksioni i përgjithshem UBT - Peja UBT - Peja Koleksioni i përgjithshem 09/27/2019   336 BOG 002-4000200 09/27/2019 09/27/2019 Books
          Koleksioni i përgjithshem UBT - Peja UBT - Peja Koleksioni i përgjithshem 09/27/2019   336 BOG 002-4000195 09/27/2019 09/27/2019 Books
          Koleksioni i përgjithshem UBT - Peja UBT - Peja Koleksioni i përgjithshem 09/27/2019   336 BOG 002-4000190 09/27/2019 09/27/2019 Books
          Koleksioni i përgjithshem UBT - Prizren UBT - Prizren Koleksioni i përgjithshem 09/27/2019   336 BOG 002-4000187 09/27/2019 09/27/2019 Books
          Koleksioni i përgjithshem UBT - Prizren UBT - Prizren Koleksioni i përgjithshem 09/27/2019   336 BOG 002-4000182 09/27/2019 09/27/2019 Books
          Koleksioni i përgjithshem UBT - Prizren UBT - Prizren Koleksioni i përgjithshem 09/27/2019   336 BOG 002-4000177 09/27/2019 09/27/2019 Books
          Koleksioni i përgjithshem UBT - Prizren UBT - Prizren Koleksioni i përgjithshem 09/27/2019   336 BOG 002-4000172 09/27/2019 09/27/2019 Books
          Koleksioni i përgjithshem UBT - Prizren UBT - Prizren Koleksioni i përgjithshem 09/27/2019   336 BOG 002-4000167 09/27/2019 09/27/2019 Books
          Koleksioni i përgjithshem UBT - Prizren UBT - Prizren Koleksioni i përgjithshem 09/27/2019   336 BOG 002-4000162 09/27/2019 09/27/2019 Books
          Koleksioni i përgjithshem UBT - Prizren UBT - Prizren Koleksioni i përgjithshem 09/27/2019   336 BOG 002-4000157 09/27/2019 09/27/2019 Books
          Koleksioni i përgjithshem UBT - Prizren UBT - Prizren Koleksioni i përgjithshem 09/27/2019   336 BOG 002-4000152 09/27/2019 09/27/2019 Books
          Koleksioni i përgjithshem UBT - Prizren UBT - Prizren Koleksioni i përgjithshem 09/27/2019   336 BOG 002-4000147 09/27/2019 09/27/2019 Books
          Koleksioni i përgjithshem UBT - Prizren UBT - Prizren Koleksioni i përgjithshem 09/27/2019   336 BOG 002-4000142 09/27/2019 09/27/2019 Books
UBT Library © 2015-2024. All rights reserved University Education for Business and Technology